Differential and integral calculus

Saved in:
Bibliographic Details
Main Author: Franklin, Philip, 1898-1965
Format: Book
Language:English
Published: New York : Dover Publications, c1972
Edition:2nd ed.
Subjects:
Tags: Add Tag
No Tags, Be the first to tag this record!

MARC

LEADER 00000cam a2200000 i 4500
001 1/100329
008 090121s1972 eng d
035 |l 10102813 
040 |a GR-MY-UA  |b gre  |e aacr 
041 0 |a eng 
082 0 |a 515  |2 (22) 
100 1 |a Franklin, Philip,   |d 1898-1965. 
245 1 0 |a Differential and integral calculus /  |c Philip Franklin 
250 |a 2nd ed. 
260 |a New York :   |b Dover Publications,   |c c1972 
300 |a xi, 679 σ.;  |b εικ.;  |c 21 εκ. 
504 |a Περιέχει ευρετήριο 
650 0 0 |a Calculus. 
852 |a INST  |b SAMOS  |c MAG  |e 20090121  |h 515 FRA  |p 005300029538  |q 005300029538  |t BK  |y 0 
901 |a BIBL3-2009-1 
909 |a Σ  |b 155435 
970 |a ΚΟΣΙΕΡΗΣ  |b ΧΡΗΣΤΟΣ  |z 2009/01/21